| 000 | 00000nam##2200000za#4500 |
| 001 | 9.577459 |
| 003 | CaOODSP |
| 005 | 20210624185624 |
| 007 | cr ||||||||||| |
| 008 | 150406|2005||||xxc|||||o f|0| 0 eng|d |
| 040 | |aCaOODSP|beng |
| 043 | |an-cn--- |
| 086 | 1 |aFs97-13/1169E-PDF |
| 110 | 1 |aCanada. |bDepartment of Fisheries and Oceans. |
| 245 | 10|aHecate Strait multi-species bottom trawl survey, GGGS W.E. Ricker, May 19 to June 7, 2003 / |h[electronic resource]|cby E.M. Choromanski, G.D. Workman and J. Fargo. |
| 260 | |aNanaimo - British Columbia : |bFisheries and Oceans Canada |c2005. |
| 300 | |a94p. |
| 490 | 1 |aCanadian data report of fisheries and aquatic sciences|vNo. 1169 |
| 500 | |aOn t.p.: Pacific Biological Station, Nanaimo, British Columbia. The catalogue number and ISSN for the print edition appear in the PDF version. |
| 546 | |a(Résumé en français) |
| 590 | |a13-22-Supp|b2013-09-26 |
| 720 | 1 |aWorkman, G. D. |
| 720 | 1 |aChoromanski, E. M. |
| 720 | 1 |aFargo, J. |
| 830 | #0|aCanadian data report of fisheries and aquatic sciences ;|vNo. 1169|w(CaOODSP)9.505124 |
| 856 | 40|ahttp://publications.gc.ca|qPDF|s31,380 KB|uhttps://publications.gc.ca/collections/collection_2013/mpo-dfo/Fs97-13-1169-eng.pdf|yNo. 1169 |